|
|
|
|
| LEADER |
00000nam a22000007a 4500 |
| 005 |
20130710160250.0 |
| 007 |
cr|||| ||| |
| 008 |
130710s2012 mx |||||s|||| 00||0 spa d |
| 020 |
|
|
|a 978-968-9368-66-3
|
| 035 |
|
|
|a 11355
|
| 040 |
|
|
|a vLex
|
| 090 |
|
|
|c 4410
|d 4410
|
| 100 |
1 |
|
|a Sandoval Delgado, Emiliano
|
| 245 |
1 |
0 |
|a Circunstancias eximentes de responsabilidad penal en el Cd̤igo Penal Federal
|h [Recurso electrn̤ico] /
|c Emiliano Sandoval Delgado
|
| 256 |
|
|
|a Servicio en ln̕ea
|
| 260 |
|
|
|a Mx̌ico D.F:
|b Jurd̕ica de las Americas,
|c 2012
|
| 300 |
|
|
|a 1 recurso electrn̤ico
|
| 506 |
1 |
|
|a Contenido solo disponible en los productos indicados
|d vLex Global
|d vLex Global (Academic Edition, excluding Law Schools)
|d vLex Global (U.S. Academic Edition, Law Schools)
|d vLex Global (U.S. Academic Edition, excluding Law Schools)
|d vLex Global (Academic Edition, Law Schools)
|
| 650 |
0 |
4 |
|a Derecho penal
|z Mx̌ico
|
| 650 |
0 |
4 |
|a Responsabilidad penal
|z Mx̌ico
|
| 740 |
0 |
|
|a vLex Libros (Servicio en ln̕ea)
|
| 856 |
4 |
0 |
|u http://vlex.com/source/circunstancias-eximentes-responsabilidad-penal-codigo-penal-federal-11355
|z Acceso restringido
|
| 942 |
|
|
|c BOOK
|
| 999 |
0 |
|
|a Criminal liability
|
| 999 |
0 |
|
|a Criminal Law
|